[Event "North American-ch Juniors Open U20 2020"]
[Site "Charlotte"]
[Date "2020.12.20"]
[Round "2.1"]
[White "Singh, Hersh"]
[Black "Sheng, Joshua"]
[Result "0-1"]
[WhiteElo "2112"]
[BlackElo "2474"]
[Annotator "TA"]
[PlyCount "120"]
[EventDate "2020.12.06"]
[EventType "swiss"]
[EventCountry "USA"]
[SourceTitle "playchess.com"]
[Source "ChessBase"]
[SourceQuality "1"]

{[%evp 16,120,0,4,30,9,33,25,24,13,19,14,14,0,0,0,0,-11,0,-48,-29,-80,-68,-72,-74,-109,-121,-272,-275,-353,-395,-392,-381,-422,-417,-593,-550,-548,-537,-534,-546,-526,-520,-651,-614,-708,-687,-693,-643,-636,-607,-833,-689,-676,-680,-671,-667,-802,-713,-764,-677,-645,-641,-777,-793,-858,-852,-828,0,-750,-748,-906,-900,-888,-896,-884,-848,-1027,-747,-878,-843,-1616,-1584,-1416,-1372,-1234,-1172,-1186,-1063,-29971,-12479,-29977,-29978,-29960,-29938,-6057,-5485,-29980,-29981,-29980,-29982,-29988,-29989,-29989,-29990,-29991,-29992]} 1. d4 Nf6 2. c4 e6 3. g3 d5 4. Nf3 Bb4+ 5. Bd2 Be7 6. Bg2 O-O 7. O-O Nbd7 8. Qc2 c6 9. Rd1 a5 {E11: Bogo-Indian.} 10. Bf4 a4 11. Ne5 Qa5 {White has an edge.} 12. Nc3 Nxe5 13. dxe5 Nd7 $1 14. cxd5 exd5 15. e4 dxe4 $1 16. Bxe4 h6 {[#]} 17. Re1 $146 ({Predecessor:} 17. Bd2 Qa6 18. Bd3 b5 19. e6 fxe6 20. Bxh6 gxh6 21. Bxb5 cxb5 22. Qg6+ Kh8 23. Qxh6+ Kg8 24. Qg6+ Kh8 25. Qh6+ Kg8 26. Qg6+ Kh8 27. Qh6+ Kg8 {½-½ (27) Postny,E (2619)-Mareco,S (2606) Baku 2016}) 17... Nc5 18. Bg2 (18. a3 $11) 18... Rd8 19. Rad1 Bg4 20. Rd2 a3 21. b3 $2 {[#]} (21. Rb1 $17 {was worth a try.} axb2 22. Rxb2) 21... Ne6 $1 $19 {Strongly threatening ...Bb4.} 22. Rxd8+ Rxd8 23. h3 Bh5 24. Rc1 Nd4 25. Qe4 (25. Qb1 {was the only defense.} Bb4 26. Ne4 Ne2+ {[%mdl 64] Double Attack} 27. Kh2) 25... Bg6 26. Qe3 Nc2 27. Qf3 Rd3 {[%mdl 64] Double Attack} 28. Qg4 Qxc3 29. e6 Rd8 30. exf7+ Kxf7 31. Bf1 h5 32. Qe2 Bf6 33. h4 Nd4 34. Qc4+ Qxc4 35. Bxc4+ Kf8 36. Bf1 Be4 37. Kh2 {[#]} Nxb3 $1 38. Re1 (38. axb3 a2) 38... Nc5 39. Bc1 Bc3 40. Re3 Bb2 41. Re1 Bc3 42. Re3 $1 Bd2 43. Bxd2 Rxd2 {[%mdl 64] Double Attack} 44. Rxa3 Rxf2+ 45. Kg1 Rd2 46. Ra5 Nd3 47. Bxd3 Rxd3 48. Rxh5 Rxg3+ {[%mdl 4096] Endgame KRB-KR} 49. Kf2 Ra3 50. Rh8+ Kf7 51. Rb8 c5 52. Ke2 Ke6 53. Rg8 g6 54. Re8+ Kd5 55. Rd8+ Ke5 56. Re8+ Kd4 {Black mates.} 57. Rd8+ Bd5 58. Rd6 Rxa2+ 59. Kf1 c4 60. Rxg6 Ke3 {Black took control after the opening. Accuracy: White = 48%, Black = 95%.} 0-1

[Event "North American-ch Juniors Open U20 2020"]
[Site "Charlotte"]
[Date "2020.12.20"]
[Round "2.2"]
[White "Stearman, Josiah"]
[Black "Lu, Ming"]
[Result "1/2-1/2"]
[WhiteElo "2391"]
[BlackElo "2154"]
[Annotator "TA"]
[PlyCount "84"]
[EventDate "2020.12.06"]
[EventType "swiss"]
[EventCountry "USA"]
[SourceTitle "playchess.com"]
[Source "ChessBase"]
[SourceQuality "1"]

{[%evp 9,84,0,6,0,0,0,0,0,10,-26,-11,-44,-41,-22,-29,-49,-39,-68,-45,-44,-39,-60,-62,-50,-41,-54,-72,-100,-123,-128,-134,-131,-138,-173,-133,-134,-135,-205,-207,-207,-167,-151,-170,-177,-77,-96,-87,-79,-85,-77,-58,-68,-66,-122,-28,-25,-26,-29,8,8,10,0,0,0,0,0,0,0,0,0,0,0,0,0,0,0,0]} 1. d4 d5 2. c4 c6 3. cxd5 cxd5 4. Bg5 Nc6 5. Nc3 f6 6. Bd2 {D10: Slav Defence: 3 cxd5 (without early Nf3) and 3 Nc3.} Bf5 {[#]} 7. e3 $146 ({Predecessor:} 7. e4 dxe4 8. d5 Ne5 9. Nh3 Bxh3 10. Qh5+ g6 11. Qxh3 f5 12. Bb5+ Nd7 13. Ne2 {½-½ (55) Hakobyan,A (2465)-Hovhannisyan,R (2595) Tsaghkadzor 2017}) 7... e6 8. Nf3 g5 9. h3 h5 10. Qb3 Qd7 11. Na4 Bd6 12. Bd3 Nge7 13. Rc1 Na5 14. Bxa5 Bxd3 {[%mdl 64] Overworked Piece} 15. Qxd3 {And now b3 would win.} Qxa4 {[%mdl 64] Double Attack} 16. Bc3 Kf7 17. Nd2 Qxa2 18. Qb5 Rab8 19. Ke2 {[#]} a6 $1 {[%cal Ra6b5]} 20. Qd3 {[#] Threatens to win with Ra1.} Qa4 $1 21. g4 hxg4 22. hxg4 {intending Rh7+.} Kg7 23. f4 (23. Ra1 $17 Qe8 24. Nf3) 23... gxf4 $19 24. e4 Qb5 25. Qxb5 axb5 26. e5 b4 (26... fxe5 $19 {has better winning chances.} 27. dxe5 Bc5) 27. exd6 $17 bxc3 28. bxc3 Rxh1 29. Rxh1 {[%mdl 4096] Endgame KRN-KRN} Nc6 30. Kf3 e5 31. Nb3 ({Better is} 31. dxe5 $15 fxe5 32. g5) 31... b6 (31... Rd8 $17 32. Nc5 Rxd6 33. Nxb7 Rd7) 32. dxe5 $11 fxe5 {Hoping for ...Rc8.} 33. Rd1 e4+ 34. Kxf4 {The position is equal.} Rf8+ 35. Kg3 Rf3+ {[%mdl 64] Double Attack} 36. Kg2 Rxc3 37. Nd4 Nxd4 38. Rxd4 {d7 is the strong threat.} Kf7 {White must now prevent ...Rc5.} 39. Rxd5 Rd3 40. Rxd3 exd3 41. Kf3 {g5 would kill now.} Ke6 (41... d2 $5 42. Ke2 $8 Ke6 $11) 42. Ke3 Kxd6 {White happily takes the draw.  Weighted Error Value: White=0.10/Black=0.13} 1/2-1/2

[Event "North American-ch Juniors Open U20 2020"]
[Site "Charlotte"]
[Date "2020.12.20"]
[Round "2.3"]
[White "Oberoi, Shelev"]
[Black "Kumar, Nikhil"]
[Result "1-0"]
[WhiteElo "2133"]
[BlackElo "2328"]
[Annotator "ChessBase"]
[PlyCount "119"]
[EventDate "2020.12.06"]
[EventType "swiss"]
[EventCountry "USA"]
[SourceTitle "playchess.com"]
[Source "ChessBase"]
[SourceQuality "1"]

1. e4 {[%emt 0:00:17]} e5 {[%emt 0:03:10]} 2. Nf3 {[%emt 0:00:22]} Nc6 {[%emt 0:00:06]} 3. d4 {[%emt 0:00:08]} exd4 {[%emt 0:00:25]} 4. Nxd4 {[%emt 0:00:15]} Bc5 {[%emt 0:00:10]} 5. Nb3 {[%emt 0:00:35]} Bb6 {[%emt 0:00:04]} 6. Nc3 {[%emt 0:00:10]} Nf6 {[%emt 0:00:05]} 7. Qe2 {[%emt 0:00:28]} O-O {[%emt 0:00:08]} 8. Bg5 {[%emt 0:02:51]} h6 9. Bh4 {[%emt 0:01:26]} a5 {[%emt 0:00:10]} 10. a4 {[%emt 0:03:17]} Nd4 {[%emt 0:00:25]} 11. Qd3 {[%emt 0:02:54]} Nxb3 {[%emt 0:01:05]} 12. cxb3 {[%emt 0:00:20]} g5 {[%emt 0:11:57]} 13. Bg3 {[%emt 0:00:59]} d6 {[%emt 0:00:53]} 14. O-O-O {[%emt 0:03:03]} Be6 {[%emt 0:02:12]} 15. Qc2 {[%emt 0:00:58]} Qe7 {[%emt 0:02:12]} 16. Be2 {[%emt 0:02:16]} Rad8 {[%emt 0:01:07]} 17. h4 {[%emt 0:02:04]} g4 {[%emt 0:08:53]} 18. h5 {[%emt 0:06:50]} Nd7 {[%emt 0:02:16]} 19. Bh4 {[%emt 0:09:41]} f6 {[%emt 0:00:06]} 20. Nd5 {[%emt 0:01:53]} Qf7 {[%emt 0:07:29]} 21. Bc4 {[%emt 0:04:00]} c6 {[%emt 0:00:23]} 22. Nxb6 {[%emt 0:11:49]} Nxb6 {[%emt 0:00:37]} 23. Bxe6 {[%emt 0:00:20]} Qxe6 {[%emt 0:00:05]} 24. e5 {[%emt 0:00:08]} fxe5 {[%emt 0:04:47]} 25. Bxd8 {[%emt 0:00:12]} Rxd8 {[%emt 0:00:01]} 26. Qe2 {[%emt 0:12:29]} Rf8 {[%emt 0:12:04]} 27. Rd4 {[%emt 0:01:59]} Nd5 {[%emt 0:12:10]} 28. Rxg4+ {[%emt 0:01:54]} Kh7 {[%emt 0:00:23]} 29. Rg6 {[%emt 0:05:31]} Rf6 {[%emt 0:05:44]} 30. Rxf6 {[%emt 0:03:22]} Nxf6 {[%emt 0:00:07]} 31. Qd3+ {[%emt 0:00:46]} e4 {[%emt 0:00:27]} 32. Qg3 {[%emt 0:00:38]} Nd7 {[%emt 0:02:12]} 33. Qg6+ {[%emt 0:07:45]} Qxg6 {[%emt 0:00:11]} 34. hxg6+ {[%emt 0:00:03]} Kxg6 {[%emt 0:00:07]} 35. Kd2 {[%emt 0:00:26]} d5 {[%emt 0:00:40]} 36. Ke3 {[%emt 0:00:43]} Nc5 {[%emt 0:00:46]} 37. f3 {[%emt 0:03:17]} exf3 {[%emt 0:01:02]} 38. gxf3 {[%emt 0:00:19]} Nxb3 {[%emt 0:00:05]} 39. Rg1+ {[%emt 0:02:06]} Kf7 {[%emt 0:00:48]} 40. Rg4 {[%emt 0:01:45]} Nc5 {[%emt 0:00:32]} 41. b4 {[%emt 0:00:54]} Nxa4 {[%emt 0:01:23]} 42. bxa5 {[%emt 0:00:08]} Nb2 {[%emt 0:00:03]} 43. Rf4+ {[%emt 0:03:28]} Kg6 {[%emt 0:00:36]} 44. Rf8 {[%emt 0:02:01]} Nc4+ {[%emt 0:00:32]} 45. Kd4 {[%emt 0:00:11]} Nxa5 {[%emt 0:00:30]} 46. Ke5 {[%emt 0:00:34]} Kg7 {[%emt 0:04:04]} 47. Rc8 {[%emt 0:00:48]} c5 {[%emt 0:13:39]} 48. Rxc5 {[%emt 0:00:49]} Nc6+ {[%emt 0:00:12]} 49. Kxd5 {[%emt 0:00:15]} Kf6 {[%emt 0:00:03]} 50. Ke4 {[%emt 0:00:19]} Nd8 {[%emt 0:00:36]} 51. Rb5 {[%emt 0:00:15]} Nf7 {[%emt 0:03:31]} 52. Rb6+ {[%emt 0:00:10]} Kg7 {[%emt 0:00:06]} 53. Rxb7 {[%emt 0:00:36]} h5 {[%emt 0:00:06]} 54. Rb6 {[%emt 0:00:20]} h4 {[%emt 0:00:30]} 55. f4 {[%emt 0:00:36]} Nh6 {[%emt 0:00:23]} 56. Kf3 {[%emt 0:01:22]} Ng8 {[%emt 0:01:27]} 57. Kg4 {[%emt 0:00:47]} Nf6+ {[%emt 0:00:09]} 58. Kxh4 {[%emt 0:00:33]} Nd5 {[%emt 0:00:05]} 59. Rb7+ {[%emt 0:00:02]} Kg6 {[%emt 0:00:07]} 60. Kg4 {[%emt 0:00:11]} 1-0

[Event "North American-ch Juniors Open U20 2020"]
[Site "Charlotte"]
[Date "2020.12.20"]
[Round "2.4"]
[White "Liang, Jason"]
[Black "Fishbein, Mitch"]
[Result "1-0"]
[WhiteElo "2317"]
[BlackElo "2132"]
[Annotator "TA"]
[PlyCount "87"]
[EventDate "2020.12.06"]
[EventType "swiss"]
[EventCountry "USA"]
[SourceTitle "playchess.com"]
[Source "ChessBase"]
[SourceQuality "1"]

{[%evp 15,87,38,45,33,43,24,35,41,103,82,75,64,79,74,168,157,267,246,243,178,223,205,277,200,213,137,139,161,164,138,388,368,1406,1367,1256,678,551,146,151,151,151,151,151,151,366,359,322,330,593,385,345,329,324,272,219,131,715,169,147,121,2666,2147,1343,1200,29975,5122,29979,29980,29982,29982,29982,29983,29981,29977]} 1. d4 Nf6 2. c4 g6 3. Nc3 Bg7 4. e4 d6 5. Nf3 O-O 6. Be2 e5 7. d5 Na6 8. Nd2 {Recently 8.Be3 got a lot of attention.} c6 9. a3 {E92: King's Indian: Classical: 6 Be2 e5: 7 dxe5, 7 Be3 and Petrosian System without 7...Nbd7.} Ne8 10. h4 f5 11. h5 {[#] White is slightly better.} Nf6 $146 ({Black should play} 11... gxh5 $14 12. b4 (12. Bxh5 Nc5 $11) (12. Rxh5 Nf6 $11) 12... Nf6) ({Predecessor:} 11... cxd5 12. hxg6 hxg6 13. Nxd5 Nf6 14. b4 Nxd5 15. cxd5 Qf6 16. Bd3 Nc7 17. Qe2 Bd7 18. Bb2 f4 19. f3 Ne8 20. Rc1 Qd8 21. Qf2 Nf6 22. Nc4 Be8 {½-½ (22) Narciso Dublan,M (2489)-Perez Mitjans,O (2407) Platja d'Aro 2019}) 12. h6 Bh8 13. exf5 gxf5 14. g4 Nc5 (14... cxd5 $16 {was called for.} 15. g5 Nd7) 15. b4 $18 Nxg4 (15... Nce4 $16 {might work better.} 16. Ncxe4 fxe4) 16. bxc5 e4 17. Ndb1 Be5 18. Ra2 Qa5 19. Bxg4 fxg4 20. Rh5 {Hoping for Rc2.} Bxc3+ 21. Nxc3 Qxc3+ 22. Bd2 $1 Qf6 $2 (22... Qf3 $16 23. Rg5+ Kf7) 23. Rg5+ $1 Kh8 $2 (23... Kf7 24. Rg7+ Ke8) 24. Bc1 {White wants to mate with Bb2!} Re8 {[#]} 25. Bb2 $1 {[%cal Rb2f6][%mdl 512]} Re5 26. Rxe5 $2 (26. Qc1 $18 {Threatens to win with cxd6.} e3 27. Bxe5 dxe5 28. Qxe3) 26... dxe5 $16 {[#]} 27. dxc6 $1 {Strongly threatening Bxe5.} Kg8 28. cxb7 $40 {[%mdl 128] White has strong attack.} Bxb7 29. Qxg4+ Qg6 $2 (29... Kf8 $16 30. Bc1 (30. Qd7 Bc6 $16) 30... Rd8) 30. Qxg6+ $18 hxg6 31. Bxe5 {[%mdl 4096] Endgame KRB-KRB} Rd8 $2 (31... Kh7 32. Rd2 Kxh6) 32. Rb2 Bc6 33. Rb8 Rxb8 34. Bxb8 {KB-KB} g5 35. Be5 ({Much less strong is} 35. Bxa7 $6 e3) (35. Ke2 $18) 35... e3 $2 {[%mdl 8192]} (35... Kh7 $16) 36. fxe3 $2 (36. f4 gxf4 37. Bxf4) 36... Kh7 37. Bg7 g4 $2 {[%mdl 8192]} (37... Bb7 $16 38. Ke2 Bc6) 38. Kf2 Kg6 39. Kg3 Bf3 {[#]} 40. Kf4 (40. c6 $142 $1 Be4 (40... Bxc6 41. Kxg4) 41. Kf4 g3 42. Kxe4 g2 43. c7 g1=Q 44. c8=Q Qh1+ 45. Kd4 Qa1+ 46. Kd5 Qd1+ 47. Bd4) 40... Kh7 {[#]} 41. c6 $1 {White mates.} Bxc6 42. Kxg4 Kg6 43. Kf4 Kf7 44. Ke5 {Weighted Error Value: White=0.71/Black=0.96} 1-0

[Event "North American-ch Juniors Open U20 2020"]
[Site "Charlotte"]
[Date "2020.12.20"]
[Round "2.5"]
[White "Vivekananthan, Anish"]
[Black "Kumar, Naman"]
[Result "1-0"]
[WhiteElo "2305"]
[BlackElo "2115"]
[Annotator "TA"]
[PlyCount "73"]
[EventDate "2020.12.06"]
[EventType "swiss"]
[EventCountry "USA"]
[SourceTitle "playchess.com"]
[Source "ChessBase"]
[SourceQuality "1"]

{[%evp 22,73,0,0,7,-2,20,0,0,0,0,-19,4,1,21,18,30,35,37,0,21,4,15,14,23,15,12,12,24,6,13,0,38,35,47,46,104,102,93,108,97,92,145,131,135,106,137,155,158,156,168,200,729,725]} 1. e4 e5 2. Nf3 Nc6 3. Bc4 Bc5 4. d3 Nf6 5. Nc3 d6 6. Bg5 h6 7. Bxf6 Qxf6 8. Nd5 Qd8 9. c3 a6 10. d4 exd4 11. cxd4 Ba7 12. h3 O-O {C50: Hungarian Defence and Giuoco Pianissimo.} 13. O-O Be6 14. a3 {[#]} Ne7 $146 {The position is equal.} ({Predecessor:} 14... Rc8 15. Qd3 Ne7 16. Nf4 Bxc4 17. Qxc4 c6 18. Qb3 Qb6 19. Qxb6 {½-½ (19) Fossan,E (2356)-Sagafos,M (2409) Oslo 2015}) 15. Nxe7+ Qxe7 16. Bd3 c6 17. Re1 Qd7 18. Bc2 d5 19. e5 Bf5 20. b4 Bb6 21. Rb1 {[%cal Ba1b1,Bb1b2,Bb2c2][%mdl 32]} Bxc2 22. Qxc2 a5 23. Re3 axb4 24. axb4 Rfc8 25. Kh2 Ra7 26. Rb2 Rca8 {[#]} 27. b5 $1 {[%mdl 512] aiming for bxc6.} cxb5 28. Reb3 Ba5 ({Black should try} 28... Ra5 $14) 29. Rxb5 $16 b6 30. Qb3 Rd8 31. Rc2 Raa8 (31... Qf5 $142) 32. Nh4 g6 33. g4 Kh7 {[#]} 34. Ng2 $1 Rac8 35. Rxc8 Rxc8 36. Rxd5 Qb7 $2 {[#]} (36... Qe8 37. Rd6 b5) 37. Rxa5 $1 {[%mdl 576] Pin.  Weighted Error Value: White=0.08/Black=0.16} 1-0

[Event "North American-ch Juniors Open U20 2020"]
[Site "Charlotte"]
[Date "2020.12.20"]
[Round "2.6"]
[White "Wu, Derek"]
[Black "Chasin, Nico"]
[Result "1-0"]
[WhiteElo "2106"]
[BlackElo "2303"]
[Annotator "TA"]
[PlyCount "74"]
[EventDate "2020.12.06"]
[EventType "swiss"]
[EventCountry "USA"]
[SourceTitle "playchess.com"]
[Source "ChessBase"]
[SourceQuality "1"]

{[%evp 19,74,50,46,45,44,41,43,34,43,52,60,58,85,22,266,250,250,250,262,248,316,313,312,295,339,339,361,387,462,388,409,308,812,811,1283,851,816,779,2073,1737,1439,917,843,806,884,907,953,943,1509,1686,5173,5173,1593,1582,29972,29966,29984]} 1. d4 d5 2. c4 c6 3. Nc3 Nf6 4. Nf3 g6 5. Bf4 Bg7 6. e3 O-O 7. Be2 Nbd7 8. O-O dxc4 9. Bxc4 Nb6 10. Bb3 Nbd5 11. Be5 {D93: Grünfeld: 4 Nf3 Bg7 5 Bf4 0-0 6 e3.} Bf5 12. Qe2 {[#]} Nxc3 $146 ({Predecessor:} 12... Qd7 13. Rac1 Rac8 14. Nd2 Bh6 15. Rfe1 Bg4 16. Qd3 Bf5 17. e4 Nb4 18. Qe2 Nxe4 19. Ncxe4 Bxe4 20. Nxe4 Bxc1 21. Rxc1 {1-0 (51) Ivan,Z (2220)-Kinez,I (2075) Harkany 1998}) 13. bxc3 {White is slightly better.} Ne4 14. Qb2 Qa5 15. Rac1 Rad8 16. Bc2 (16. Rfe1 $16) 16... b5 $2 {This costs Black the game.} (16... f6 $11 {and Black stays safe.} 17. Bg3 Rd7) 17. Bxg7 Kxg7 {[#]} 18. g4 $1 {[%mdl 512]} Nxc3 (18... Bxg4 19. Bxe4) 19. gxf5 ({Resist} 19. Bxf5 $6 Na4 $18) 19... Ne2+ 20. Kh1 Nxc1 21. Rxc1 ({Not} 21. Qxc1 Qxa2 22. Be4 Rd6 $16) 21... Rd6 22. Be4 Rf6 23. Ne5 (23. Rxc6 gxf5 24. Bd5 Rxc6 $16) 23... gxf5 24. Rg1+ Kh8 25. Bxc6 {And now d5 would win.} b4 $2 (25... Rg8 26. Rc1 (26. Qxb5 Rxg1+ 27. Kxg1 Qe1+ 28. Qf1 Qd2 $16) 26... b4) 26. d5 $18 b3 27. axb3 Qb4 28. f3 Qc5 {[#]} 29. Nd7 $1 {[%mdl 64] Pin} Qxe3 30. Nxf8 Qxf3+ 31. Qg2 Qxg2+ 32. Rxg2 Rd6 33. Nd7 h6 34. Ne5 Rf6 35. Be8 f4 36. Bxf7 h5 37. Bxh5 Rf5 {Weighted Error Value: White=0.26/Black=0.89} 1-0

[Event "North American-ch Juniors Open U20 2020"]
[Site "Charlotte"]
[Date "2020.12.20"]
[Round "2.7"]
[White "Sandoval Mercado, Carlos"]
[Black "Orellana, Juan"]
[Result "1-0"]
[WhiteElo "2298"]
[BlackElo "2104"]
[Annotator "ChessBase"]
[PlyCount "139"]
[EventDate "2020.12.06"]
[EventType "swiss"]
[EventCountry "USA"]
[SourceTitle "playchess.com"]
[Source "ChessBase"]
[SourceQuality "1"]

1. d4 {[%emt 0:00:00]} d5 {[%emt 0:02:37]} 2. c4 {[%emt 0:00:19]} dxc4 {[%emt 0:00:07]} 3. e4 {[%emt 0:00:19]} e5 {[%emt 0:00:22]} 4. Nf3 {[%emt 0:00:15]} exd4 {[%emt 0:00:10]} 5. Bxc4 {[%emt 0:01:42]} Nc6 {[%emt 0:00:06]} 6. O-O {[%emt 0:00:16]} Be6 {[%emt 0:00:06]} 7. Bxe6 {[%emt 0:00:45]} fxe6 {[%emt 0:00:02]} 8. Qb3 {[%emt 0:00:09]} Qd7 {[%emt 0:00:12]} 9. Qxb7 {[%emt 0:00:04]} Rb8 {[%emt 0:00:02]} 10. Qa6 {[%emt 0:00:53]} Bd6 {[%emt 0:01:01]} 11. a3 {[%emt 0:09:46]} Nf6 {[%emt 0:03:24]} 12. Nbd2 {[%emt 0:00:02]} O-O {[%emt 0:00:14]} 13. Qd3 {[%emt 0:05:15]} Kh8 {[%emt 0:10:17]} 14. g3 {[%emt 0:18:10]} e5 {[%emt 0:02:43]} 15. Kg2 {[%emt 0:00:02]} Ne7 {[%emt 0:06:26]} 16. Nc4 {[%emt 0:07:44]} Ng6 {[%emt 0:00:40]} 17. h3 {[%emt 0:00:03]} Qb5 {[%emt 0:07:23]} 18. Re1 {[%emt 0:08:19]} Nd7 {[%emt 0:23:35]} 19. b4 {[%emt 0:16:38]} Nb6 {[%emt 0:15:33]} 20. Ncxe5 {[%emt 0:29:19]} Qe8 {[%emt 0:18:24]} 21. Nxg6+ {[%emt 0:00:00]} Qxg6 {[%emt 0:00:03]} 22. Bb2 {[%emt 0:00:00]} c5 {[%emt 0:01:25]} 23. bxc5 {[%emt 0:00:00]} Bxc5 {[%emt 0:00:09]} 24. Rac1 {[%emt 0:00:00]} Na4 {[%emt 0:03:21]} 25. Bxd4 {[%emt 0:00:00]} Bxd4 {[%emt 0:00:12]} 26. Qxd4 {[%emt 0:00:00]} Nb6 {[%emt 0:00:28]} 27. Rc7 {[%emt 0:00:00]} Rbd8 {[%emt 0:01:06]} 28. Qc3 {[%emt 0:00:00]} Nc8 {[%emt 0:01:52]} 29. Re2 {[%emt 0:03:07]} Nd6 {[%emt 0:00:19]} 30. a4 {[%emt 0:00:27]} Nc8 {[%emt 0:00:33]} 31. Nh4 {[%emt 0:00:48]} Qf6 {[%emt 0:00:19]} 32. e5 {[%emt 0:00:19]} Qe6 {[%emt 0:00:13]} 33. Nf3 {[%emt 0:01:10]} h6 {[%emt 0:00:43]} 34. a5 {[%emt 0:00:08]} Rde8 {[%emt 0:00:34]} 35. Qc6 {[%emt 0:00:48]} Qxc6 {[%emt 0:01:21]} 36. Rxc6 {[%emt 0:00:01]} Ne7 {[%emt 0:00:15]} 37. Rc7 {[%emt 0:00:18]} Nd5 {[%emt 0:00:01]} 38. Rxa7 {[%emt 0:00:09]} Ra8 {[%emt 0:00:01]} 39. Rxa8 {[%emt 0:00:45]} Rxa8 {[%emt 0:00:01]} 40. e6 {[%emt 0:00:54]} Ne7 {[%emt 0:00:01]} 41. Ra2 {[%emt 0:01:04]} Nc6 {[%emt 0:00:03]} 42. a6 {[%emt 0:00:13]} Kg8 {[%emt 0:00:02]} 43. Nh4 {[%emt 0:00:32]} Nb4 {[%emt 0:00:50]} 44. Ra4 {[%emt 0:00:07]} Nxa6 {[%emt 0:00:48]} 45. Ng6 {[%emt 0:00:37]} Nc7 {[%emt 0:00:22]} 46. Rxa8+ {[%emt 0:00:08]} Nxa8 {[%emt 0:00:01]} 47. f4 {[%emt 0:00:10]} Nc7 {[%emt 0:00:08]} 48. f5 {[%emt 0:00:06]} h5 {[%emt 0:00:23]} 49. Kf3 {[%emt 0:00:30]} Nd5 {[%emt 0:00:18]} 50. Ke4 {[%emt 0:00:21]} Nc7 {[%emt 0:00:15]} 51. Ke5 {[%emt 0:00:16]} Nb5 {[%emt 0:01:45]} 52. Kd5 {[%emt 0:00:07]} Nc7+ {[%emt 0:00:14]} 53. Kc6 {[%emt 0:00:08]} Ne8 {[%emt 0:00:31]} 54. Kd7 {[%emt 0:00:04]} Nf6+ {[%emt 0:00:10]} 55. Kd8 {[%emt 0:00:03]} Kh7 {[%emt 0:01:12]} 56. e7 {[%emt 0:00:28]} Kh6 {[%emt 0:00:06]} 57. e8=Q {[%emt 0:00:43]} Nxe8 {[%emt 0:00:07]} 58. Kxe8 {[%emt 0:00:02]} Kg5 {[%emt 0:00:03]} 59. Nh4 {[%emt 0:00:06]} Kf6 {[%emt 0:00:29]} 60. Kf8 {[%emt 0:00:28]} Kg5 {[%emt 0:00:07]} 61. Ke7 {[%emt 0:00:03]} Kh6 {[%emt 0:00:31]} 62. f6 {[%emt 0:00:06]} gxf6 {[%emt 0:00:04]} 63. Kxf6 {[%emt 0:00:05]} Kh7 {[%emt 0:00:12]} 64. Kg5 {[%emt 0:00:02]} Kg7 {[%emt 0:00:05]} 65. Kxh5 {[%emt 0:00:03]} Kh7 {[%emt 0:00:08]} 66. g4 {[%emt 0:00:03]} Kg7 {[%emt 0:00:05]} 67. g5 {[%emt 0:00:03]} Kh7 {[%emt 0:00:04]} 68. g6+ {[%emt 0:00:04]} Kh8 {[%emt 0:00:06]} 69. Kh6 {[%emt 0:00:04]} Kg8 {[%emt 0:00:25]} 70. g7 {[%emt 0:00:03]} 1-0

[Event "North American-ch Juniors Open U20 2020"]
[Site "Charlotte"]
[Date "2020.12.20"]
[Round "2.8"]
[White "Hamley, Ryan"]
[Black "Asaria, Danial"]
[Result "0-1"]
[WhiteElo "2089"]
[BlackElo "2284"]
[Annotator "TA"]
[PlyCount "64"]
[EventDate "2020.12.06"]
[EventType "swiss"]
[EventCountry "USA"]
[SourceTitle "playchess.com"]
[Source "ChessBase"]
[SourceQuality "1"]

{[%evp 9,64,1,-1,-30,-12,-37,-31,-32,-36,-51,-51,-45,-56,-45,-30,-20,-21,-20,-16,-9,-14,-20,-26,-32,-14,-54,0,-61,-69,-51,-44,-59,-32,-26,-22,-40,-37,-78,-83,-72,-48,-383,-286,-604,-389,-641,-265,-282,-278,-292,-295,-348,-330,-456,-444,-810,-443]} 1. d4 d5 2. c4 e6 3. Nf3 Nf6 4. Nc3 dxc4 5. Qa4+ Nbd7 6. Qxc4 {D23: Queen's Gambit Accepted: 3 Nf3 Nf6 sidelines.} a6 7. a4 c5 8. dxc5 {Black is slightly better.} Bxc5 9. e3 {[#]} O-O $146 ({Predecessor:} 9... Qe7 10. Bd3 O-O 11. O-O Re8 12. Rb1 e5 13. e4 Nb6 14. Qb3 Be6 15. Qc2 Bd6 {½-½ (36) Reinartz,G (2240)-Labahn,W (2265) Germany 1994}) 10. a5 b5 11. axb6 $1 Bb7 12. Be2 Rc8 13. Qb3 Bxb6 14. O-O Qc7 15. Bd2 Nc5 16. Qb4 Rfd8 17. Rad1 e5 (17... Qc6 $15) 18. Bc1 ({White should try} 18. Na4 $11 Nxa4 19. Qxa4) 18... e4 $15 {White must now prevent ...Ng4.} 19. Nd4 Ba7 20. Qa3 Bb8 {[%csl Gb8][%cal Rc7h2]} 21. g3 h5 $36 {[%mdl 2048] Black has some pressure.} 22. Na4 {[#]} Nd3 $1 {[%mdl 512]} 23. Bxd3 exd3 24. Qxd3 Ng4 {Hoping for ...Ne5.} 25. Qf5 $2 {[%mdl 8192] [#] This costs White the game.} ({Only move:} 25. Qe2 $1 $15) 25... Rd5 $1 $19 {[%cal Rd5f5]} (25... g6 $2 26. Qg5 $19) 26. Qf4 $2 (26. Qb1 Ne5 27. f4 Rxd4 {[%mdl 64] Remove Defender} 28. Rxd4) 26... Qa5 27. Nb3 $2 (27. Qe4 Qxa4 28. Qe7) 27... Bxf4 (27... Qb5 $142 28. Nc3 Qxb3) 28. Nxa5 Rxa5 29. Nb6 Rc6 30. b4 Rb5 ({Not} 30... Rxb6 $2 31. bxa5 Bxg3 32. fxg3 $18) 31. Nd5 {And now Ne7+ would win.} Bd6 32. Bb2 (32. e4 $142) 32... Bxb4 {Weighted Error Value: White=0.75/Black=0.26} 0-1